[Event "Russian Championship (Rapid, Women)"]
[Site "Sochi"]
[Date "2018.10.05"]
[Round "3.2"]
[White "Kashlinskaya, Alina"]
[Black "Maltsevskaya, Aleksandra"]
[Result "1-0"]
[BlackElo "2194"]
[WhiteElo "2353"]
[LiveChessVersion "1.4.8"]

1. d4 {[%clk 0:15:18]} Nf6 {[%clk 0:15:15]} 2. c4 {[%clk 0:15:26]} b6
{[%clk 0:15:01]} 3. f3 {[%clk 0:15:34]} e6 {[%clk 0:14:43]} 4. e4
{[%clk 0:14:53]} d6 {[%clk 0:13:51]} 5. Bd3 {[%clk 0:14:35]} Bb7 {[%clk 0:13:27]}
6. Ne2 {[%clk 0:14:34]} g6 {[%clk 0:13:09]} 7. O-O {[%clk 0:14:28]} Bg7
{[%clk 0:13:17]} 8. Nbc3 {[%clk 0:14:34]} O-O {[%clk 0:13:24]} 9. f4
{[%clk 0:12:57]} e5 {[%clk 0:11:49]} 10. fxe5 {[%clk 0:12:24]} dxe5
{[%clk 0:11:58]} 11. d5 {[%clk 0:12:23]} Ne8 {[%clk 0:12:02]} 12. Be3
{[%clk 0:12:07]} a5 {[%clk 0:11:00]} 13. c5 {[%clk 0:12:01]} bxc5
{[%clk 0:11:01]} 14. Na4 {[%clk 0:10:55]} c4 {[%clk 0:09:34]} 15. Bxc4
{[%clk 0:10:43]} Nd6 {[%clk 0:09:42]} 16. Bd3 {[%clk 0:10:43]} Nd7
{[%clk 0:08:58]} 17. Nec3 {[%clk 0:10:28]} f5 {[%clk 0:05:27]} 18. Nc5
{[%clk 0:07:06]} Nxc5 {[%clk 0:05:29]} 19. Bxc5 {[%clk 0:07:15]} f4
{[%clk 0:04:49]} 20. Rc1 {[%clk 0:06:33]} Rf7 {[%clk 0:04:57]} 21. Nb5
{[%clk 0:06:30]} Bf8 {[%clk 0:04:30]} 22. a4 {[%clk 0:05:28]} h5 {[%clk 0:04:29]}
23. Qb3 {[%clk 0:04:08]} Bc8 {[%clk 0:04:18]} 24. Qc3 {[%clk 0:02:33]} Qg5
{[%clk 0:04:19]} 25. Kh1 {[%clk 0:01:19]} h4 {[%clk 0:03:50]} 26. Bxd6
{[%clk 0:00:42]} cxd6 {[%clk 0:02:28]} 27. Nc7 {[%clk 0:00:51]} f3
{[%clk 0:01:15]} 28. Rxf3 {[%clk 0:00:43]} Bh3 {[%clk 0:00:15]} 29. Rxh3
{[%clk 0:00:39]} Rc8 {[%clk 0:00:24]} 30. Bb5 {[%clk 0:00:26]} Rcxc7
{[%clk 0:00:29]} 31. Bc6 {[%clk 0:00:35]} Rf2 {[%clk 0:00:30]} 32. Rg1
{[%clk 0:00:44]} Rcf7 {[%clk 0:00:39]} 33. Bb5 {[%clk 0:00:30]} Bh6
{[%clk 0:00:33]} 34. Qxa5 {[%clk 0:00:39]} Qg4 {[%clk 0:00:28]} 35. Qd8+
{[%clk 0:00:42]} Kg7 {[%clk 0:00:14]} 36. Qxd6 {[%clk 0:00:37]} Qxe4
{[%clk 0:00:16]} 37. Bd3 {[%clk 0:00:36]} Qg4 {[%clk 0:00:15]} 38. Qxe5+
{[%clk 0:00:41]} Kh7 {[%clk 0:00:22]} 39. a5 {[%clk 0:00:32]} Rd2
{[%clk 0:00:24]} 40. Qe4 {[%clk 0:00:32]} Qg5 {[%clk 0:00:12]} 41. a6
{[%clk 0:00:33]} Rxb2 {[%clk 0:00:15]} 42. Rxh4 {[%clk 0:00:31]} Re7
{[%clk 0:00:22]} 43. Qd4 {[%clk 0:00:33]} Ra2 {[%clk 0:00:24]} 44. Rg4
{[%clk 0:00:36]} Qe5 {[%clk 0:00:26]} 45. Qxe5 {[%clk 0:00:37]} Rxe5
{[%clk 0:00:35]} 46. Rxg6 {[%clk 0:00:33]} Re3 {[%clk 0:00:32]} 47. Rg3+
{[%clk 0:00:22]} Kh8 {[%clk 0:00:38]} 48. Rxe3 {[%clk 0:00:27]} Bxe3
{[%clk 0:00:46]} 49. Rf1 {[%clk 0:00:23]} Rd2 {[%clk 0:00:49]} 50. Be4
{[%clk 0:00:28]} Ra2 {[%clk 0:00:49]} 51. d6 {[%clk 0:00:29]} Rd2
{[%clk 0:00:57]} 52. h3 {[%clk 0:00:21]} Rxd6 {[%clk 0:01:05]} 53. Ra1
{[%clk 0:00:18]} Ba7 {[%clk 0:01:11]} 54. Kh2 {[%clk 0:00:17]} Kg7
{[%clk 0:01:12]} 55. Bf3 {[%clk 0:00:20]} Kf6 {[%clk 0:01:20]} 56. h4
{[%clk 0:00:28]} Kf5 {[%clk 0:01:17]} 57. Kh3 {[%clk 0:00:37]} Rh6
{[%clk 0:01:11]} 58. Ra4 {[%clk 0:00:38]} Rd6 {[%clk 0:01:06]} 59. g4+
{[%clk 0:00:36]} Ke5 {[%clk 0:01:05]} 60. g5 {[%clk 0:00:34]} Kf5
{[%clk 0:00:59]} 61. Kg3 {[%clk 0:00:36]} Rd2 {[%clk 0:01:02]} 62. Ra5+
{[%clk 0:00:43]} Kg6 {[%clk 0:01:02]} 63. h5+ {[%clk 0:00:46]} Kf7
{[%clk 0:01:08]} 64. Kg4 {[%clk 0:00:40]} 1-0

[Event "Russian Championship (Rapid, Women)"]
[Site "Sochi"]
[Date "2018.10.05"]
[Round "3.3"]
[White "Solozhenkina, Elizaveta"]
[Black "Shuvalova, Polina"]
[Result "0-1"]
[BlackElo "2342"]
[WhiteElo "2189"]
[LiveChessVersion "1.4.8"]

1. e4 {[%clk 0:15:19]} c6 {[%clk 0:15:19]} 2. d4 {[%clk 0:15:26]} d5
{[%clk 0:15:28]} 3. Nc3 {[%clk 0:15:35]} dxe4 {[%clk 0:15:36]} 4. Nxe4
{[%clk 0:15:43]} Bf5 {[%clk 0:15:44]} 5. Ng3 {[%clk 0:15:51]} Bg6
{[%clk 0:15:53]} 6. h4 {[%clk 0:15:59]} h6 {[%clk 0:16:01]} 7. Nf3
{[%clk 0:16:08]} Nd7 {[%clk 0:16:08]} 8. h5 {[%clk 0:16:16]} Bh7 {[%clk 0:16:16]}
9. Bd3 {[%clk 0:16:25]} Bxd3 {[%clk 0:16:24]} 10. Qxd3 {[%clk 0:16:34]} e6
{[%clk 0:16:33]} 11. Bd2 {[%clk 0:16:34]} Ngf6 {[%clk 0:16:41]} 12. O-O-O
{[%clk 0:16:40]} Be7 {[%clk 0:16:49]} 13. Kb1 {[%clk 0:16:49]} O-O
{[%clk 0:16:57]} 14. Ne4 {[%clk 0:16:42]} c5 {[%clk 0:16:53]} 15. Nxf6+
{[%clk 0:14:34]} Nxf6 {[%clk 0:16:58]} 16. Be3 {[%clk 0:14:26]} Qc7
{[%clk 0:16:03]} 17. Ne5 {[%clk 0:12:12]} Rfd8 {[%clk 0:15:26]} 18. Qe2
{[%clk 0:11:57]} Rac8 {[%clk 0:14:09]} 19. g4 {[%clk 0:10:44]} Nd5
{[%clk 0:14:06]} 20. c3 {[%clk 0:08:28]} b5 {[%clk 0:11:56]} 21. f4
{[%clk 0:07:10]} b4 {[%clk 0:09:58]} 22. c4 {[%clk 0:05:34]} Nxe3
{[%clk 0:09:40]} 23. Qxe3 {[%clk 0:05:43]} cxd4 {[%clk 0:09:42]} 24. Qe4
{[%clk 0:03:21]} Bd6 {[%clk 0:06:26]} 25. g5 {[%clk 0:02:51]} Bxe5
{[%clk 0:05:52]} 26. fxe5 {[%clk 0:02:53]} hxg5 {[%clk 0:04:45]} 27. h6
{[%clk 0:03:02]} g6 {[%clk 0:04:06]} 28. h7+ {[%clk 0:02:57]} Kg7
{[%clk 0:04:04]} 29. Rxd4 {[%clk 0:02:26]} Rxd4 {[%clk 0:03:37]} 30. Qxd4
{[%clk 0:02:35]} Rh8 {[%clk 0:03:32]} 31. Qe3 {[%clk 0:01:42]} Qc6
{[%clk 0:03:18]} 32. Rh2 {[%clk 0:00:37]} Qxc4 {[%clk 0:03:08]} 33. Rc2
{[%clk 0:00:16]} Qf1+ {[%clk 0:02:53]} 34. Rc1 {[%clk 0:00:25]} Qf5+
{[%clk 0:03:01]} 35. Ka1 {[%clk 0:00:35]} Rxh7 {[%clk 0:03:07]} 36. Qd4
{[%clk 0:00:15]} Rh4 {[%clk 0:03:14]} 37. Qd6 {[%clk 0:00:17]} Re4
{[%clk 0:03:18]} 38. a3 {[%clk 0:00:16]} b3 {[%clk 0:03:00]} 39. Qb8
{[%clk 0:00:16]} Re3 {[%clk 0:02:55]} 40. Rh1 {[%clk 0:00:17]} Rh3
{[%clk 0:02:35]} 41. Re1 {[%clk 0:00:17]} Qe4 {[%clk 0:02:33]} 42. Rf1
{[%clk 0:00:15]} Rh1 {[%clk 0:02:33]} 43. Qb5 {[%clk 0:00:17]} Qe1+
{[%clk 0:02:34]} 0-1

[Event "Russian Championship (Rapid, Women)"]
[Site "Sochi"]
[Date "2018.10.05"]
[Round "3.4"]
[White "Ambartsumova, Karina"]
[Black "Nebolsina, Vera"]
[Result "1-0"]
[BlackElo "2157"]
[WhiteElo "2327"]
[LiveChessVersion "1.4.8"]

1. d4 {[%clk 0:15:15]} Nf6 {[%clk 0:15:17]} 2. Nf3 {[%clk 0:15:04]} g6
{[%clk 0:15:23]} 3. g3 {[%clk 0:14:51]} Bg7 {[%clk 0:15:30]} 4. Bg2
{[%clk 0:14:48]} O-O {[%clk 0:15:33]} 5. c4 {[%clk 0:14:33]} d6 {[%clk 0:15:20]}
6. O-O {[%clk 0:14:28]} Nc6 {[%clk 0:15:24]} 7. Nc3 {[%clk 0:14:35]} e5
{[%clk 0:15:23]} 8. dxe5 {[%clk 0:13:50]} dxe5 {[%clk 0:12:28]} 9. Bg5
{[%clk 0:13:40]} Qxd1 {[%clk 0:10:44]} 10. Rfxd1 {[%clk 0:12:18]} h6
{[%clk 0:09:11]} 11. Be3 {[%clk 0:11:22]} Be6 {[%clk 0:07:26]} 12. Nd2
{[%clk 0:08:39]} Nd4 {[%clk 0:04:45]} 13. Bxd4 {[%clk 0:05:35]} exd4
{[%clk 0:04:54]} 14. Nb5 {[%clk 0:05:43]} Ne8 {[%clk 0:05:01]} 15. Bxb7
{[%clk 0:04:29]} Rb8 {[%clk 0:05:09]} 16. Bc6 {[%clk 0:04:38]} a6
{[%clk 0:05:12]} 17. Bxe8 {[%clk 0:04:40]} Rfxe8 {[%clk 0:04:31]} 18. Nxc7
{[%clk 0:04:47]} Re7 {[%clk 0:04:40]} 19. Nxe6 {[%clk 0:04:18]} Rxe6
{[%clk 0:04:48]} 20. Nb3 {[%clk 0:02:46]} Rxe2 {[%clk 0:04:44]} 21. Rab1
{[%clk 0:02:53]} Rc2 {[%clk 0:03:17]} 22. Rdc1 {[%clk 0:02:23]} Re2
{[%clk 0:02:29]} 23. Kf1 {[%clk 0:02:08]} d3 {[%clk 0:02:24]} 24. Rd1
{[%clk 0:02:16]} Rc2 {[%clk 0:02:25]} 25. c5 {[%clk 0:01:50]} a5 {[%clk 0:01:54]}
26. Rxd3 {[%clk 0:01:39]} a4 {[%clk 0:02:00]} 27. Nd2 {[%clk 0:00:42]} Rxc5
{[%clk 0:01:52]} 28. b4 {[%clk 0:00:35]} Rc3 {[%clk 0:01:46]} 29. Rxc3
{[%clk 0:00:37]} Bxc3 {[%clk 0:01:55]} 30. Ne4 {[%clk 0:00:46]} Bxb4
{[%clk 0:01:26]} 31. Nc5 {[%clk 0:00:53]} Rb6 {[%clk 0:01:02]} 32. Nxa4
{[%clk 0:00:52]} Rb8 {[%clk 0:01:03]} 33. a3 {[%clk 0:00:36]} Bd6
{[%clk 0:01:12]} 34. Rxb8+ {[%clk 0:00:44]} Bxb8 {[%clk 0:01:20]} 35. Nc3
{[%clk 0:00:43]} Bc7 {[%clk 0:01:08]} 36. a4 {[%clk 0:00:45]} Ba5
{[%clk 0:01:17]} 37. Nd5 {[%clk 0:00:53]} Kf8 {[%clk 0:01:24]} 38. Ke2
{[%clk 0:01:00]} Ke8 {[%clk 0:01:32]} 39. Kd3 {[%clk 0:00:45]} Kd7
{[%clk 0:01:41]} 40. Kc4 {[%clk 0:00:44]} Kc6 {[%clk 0:01:38]} 41. Nb4+
{[%clk 0:00:47]} Kb6 {[%clk 0:01:34]} 42. Nd3 {[%clk 0:00:55]} Bd2
{[%clk 0:01:33]} 43. Ne5 {[%clk 0:00:57]} Be1 {[%clk 0:01:27]} 44. f3
{[%clk 0:01:01]} h5 {[%clk 0:00:48]} 45. Nxf7 {[%clk 0:00:59]} h4
{[%clk 0:00:57]} 46. gxh4 {[%clk 0:00:43]} Bxh4 {[%clk 0:01:01]} 47. Ne5
{[%clk 0:00:40]} g5 {[%clk 0:01:07]} 48. Nf7 {[%clk 0:00:33]} Ka5
{[%clk 0:00:45]} 49. Kd5 {[%clk 0:00:42]} Kxa4 {[%clk 0:00:54]} 50. Ke4
{[%clk 0:00:51]} Kb4 {[%clk 0:01:02]} 51. Kf5 {[%clk 0:01:00]} Kc4
{[%clk 0:01:10]} 52. Nxg5 {[%clk 0:01:04]} Kd3 {[%clk 0:01:15]} 53. Kg4
{[%clk 0:01:04]} Bf2 {[%clk 0:01:19]} 54. Ne6 {[%clk 0:00:50]} Kc4
{[%clk 0:01:19]} 55. h4 {[%clk 0:00:38]} Kd5 {[%clk 0:01:27]} 56. Nf4+
{[%clk 0:00:46]} Kd6 {[%clk 0:01:33]} 57. h5 {[%clk 0:00:54]} Ke7
{[%clk 0:01:31]} 58. Kf5 {[%clk 0:00:55]} Kf7 {[%clk 0:01:39]} 59. Ne6
{[%clk 0:01:01]} Be1 {[%clk 0:01:28]} 60. h6 {[%clk 0:00:58]} Bd2
{[%clk 0:01:17]} 61. Ng5+ {[%clk 0:01:06]} Kg8 {[%clk 0:01:23]} 62. Kg6
{[%clk 0:01:14]} Bc3 {[%clk 0:01:17]} 63. h7+ {[%clk 0:01:13]} Kf8
{[%clk 0:01:25]} 64. Ne6+ {[%clk 0:01:20]} 1-0

[Event "Russian Championship (Rapid, Women)"]
[Site "Sochi"]
[Date "2018.10.05"]
[Round "3.5"]
[White "Semenova, Elena"]
[Black "Sukhareva, Evgeniya"]
[Result "0-1"]
[BlackElo "2258"]
[WhiteElo "2147"]
[LiveChessVersion "1.4.8"]

1. e4 {[%clk 0:15:19]} g6 {[%clk 0:15:19]} 2. d4 {[%clk 0:15:27]} Bg7
{[%clk 0:15:28]} 3. Nc3 {[%clk 0:15:36]} d6 {[%clk 0:15:36]} 4. f4
{[%clk 0:15:45]} Nf6 {[%clk 0:15:43]} 5. Nf3 {[%clk 0:15:54]} c6 {[%clk 0:15:50]}
6. e5 {[%clk 0:15:44]} dxe5 {[%clk 0:15:56]} 7. dxe5 {[%clk 0:15:25]} Qxd1+
{[%clk 0:15:56]} 8. Kxd1 {[%clk 0:14:59]} Nd5 {[%clk 0:15:59]} 9. Nxd5
{[%clk 0:14:48]} cxd5 {[%clk 0:16:07]} 10. Nd4 {[%clk 0:14:12]} O-O
{[%clk 0:16:06]} 11. Bd3 {[%clk 0:13:30]} f6 {[%clk 0:14:08]} 12. exf6
{[%clk 0:09:29]} Bxf6 {[%clk 0:14:11]} 13. Nb5 {[%clk 0:09:35]} Bg4+
{[%clk 0:13:18]} 14. Be2 {[%clk 0:08:57]} Bxe2+ {[%clk 0:13:09]} 15. Kxe2
{[%clk 0:09:05]} Nc6 {[%clk 0:13:13]} 16. c3 {[%clk 0:07:20]} Rac8
{[%clk 0:12:50]} 17. Bd2 {[%clk 0:03:52]} a6 {[%clk 0:12:46]} 18. Na3
{[%clk 0:04:01]} e5 {[%clk 0:12:49]} 19. fxe5 {[%clk 0:03:39]} Bxe5
{[%clk 0:12:32]} 20. Bh6 {[%clk 0:02:50]} Rfe8 {[%clk 0:11:24]} 21. Kd2
{[%clk 0:02:56]} b5 {[%clk 0:11:22]} 22. Rae1 {[%clk 0:02:18]} d4
{[%clk 0:10:44]} 23. cxd4 {[%clk 0:01:56]} Nxd4 {[%clk 0:10:35]} 24. Rc1
{[%clk 0:01:37]} Rcd8 {[%clk 0:09:43]} 25. Be3 {[%clk 0:00:42]} Nf5+
{[%clk 0:09:34]} 26. Ke2 {[%clk 0:00:47]} Bxb2 {[%clk 0:09:18]} 0-1

[Event "Russian Championship (Rapid, Women)"]
[Site "Sochi"]
[Date "2018.10.05"]
[Round "3.6"]
[White "Dordzhieva, Dinara"]
[Black "Diakonova, Ekaterina"]
[Result "1-0"]
[BlackElo "2111"]
[WhiteElo "2248"]
[LiveChessVersion "1.4.8"]

1. Nf3 {[%clk 0:15:18]} Nf6 {[%clk 0:15:15]} 2. c4 {[%clk 0:15:27]} b6
{[%clk 0:15:15]} 3. g3 {[%clk 0:15:31]} Bb7 {[%clk 0:15:24]} 4. Bg2
{[%clk 0:15:40]} g6 {[%clk 0:15:30]} 5. b3 {[%clk 0:15:49]} Bg7 {[%clk 0:15:38]}
6. Bb2 {[%clk 0:15:58]} c5 {[%clk 0:15:38]} 7. O-O {[%clk 0:16:00]} O-O
{[%clk 0:15:46]} 8. d3 {[%clk 0:16:06]} e6 {[%clk 0:14:52]} 9. Nbd2
{[%clk 0:14:30]} Nc6 {[%clk 0:13:50]} 10. Rc1 {[%clk 0:13:55]} Qe7
{[%clk 0:12:57]} 11. Ne5 {[%clk 0:13:26]} d5 {[%clk 0:12:11]} 12. Nxc6
{[%clk 0:12:50]} Bxc6 {[%clk 0:12:19]} 13. cxd5 {[%clk 0:12:59]} Bxd5
{[%clk 0:12:08]} 14. Nf3 {[%clk 0:13:02]} Rfd8 {[%clk 0:11:35]} 15. Qc2
{[%clk 0:13:10]} Rac8 {[%clk 0:11:22]} 16. Qb1 {[%clk 0:13:19]} Qf8
{[%clk 0:09:47]} 17. Rc2 {[%clk 0:12:45]} Nd7 {[%clk 0:09:08]} 18. Qa1
{[%clk 0:12:30]} Nb8 {[%clk 0:07:35]} 19. Rfc1 {[%clk 0:12:26]} Nc6
{[%clk 0:07:03]} 20. e4 {[%clk 0:09:19]} Nb4 {[%clk 0:07:06]} 21. exd5
{[%clk 0:09:26]} Nxc2 {[%clk 0:07:05]} 22. Rxc2 {[%clk 0:09:30]} Bxb2
{[%clk 0:06:42]} 23. Qxb2 {[%clk 0:09:37]} Rxd5 {[%clk 0:06:37]} 24. Ne5
{[%clk 0:08:32]} Rd4 {[%clk 0:06:27]} 25. Rd2 {[%clk 0:07:45]} Qd6
{[%clk 0:04:44]} 26. Nc4 {[%clk 0:07:47]} Qd8 {[%clk 0:04:01]} 27. Qc3
{[%clk 0:07:41]} b5 {[%clk 0:03:04]} 28. Ne5 {[%clk 0:04:59]} c4 {[%clk 0:02:56]}
29. Nc6 {[%clk 0:02:56]} Rxd3 {[%clk 0:02:45]} 30. Qxd3 {[%clk 0:02:04]} cxd3
{[%clk 0:01:52]} 31. Nxd8 {[%clk 0:02:09]} Rxd8 {[%clk 0:02:02]} 32. Bf1
{[%clk 0:02:13]} b4 {[%clk 0:02:02]} 33. Rxd3 {[%clk 0:02:14]} Rxd3
{[%clk 0:01:48]} 34. Bxd3 {[%clk 0:02:23]} e5 {[%clk 0:01:48]} 35. f4
{[%clk 0:02:11]} exf4 {[%clk 0:01:41]} 36. gxf4 {[%clk 0:02:21]} f6
{[%clk 0:01:10]} 37. Kf2 {[%clk 0:02:22]} Kf7 {[%clk 0:01:13]} 38. Ke3
{[%clk 0:02:31]} Ke6 {[%clk 0:01:22]} 39. Kd4 {[%clk 0:02:37]} f5
{[%clk 0:00:44]} 40. h4 {[%clk 0:02:39]} h6 {[%clk 0:00:47]} 41. Kc5
{[%clk 0:02:35]} a5 {[%clk 0:00:55]} 42. Kb5 {[%clk 0:02:39]} Kd5
{[%clk 0:15:10]} 1-0

[Event "Russian Championship (Rapid, Women)"]
[Site "Sochi"]
[Date "2018.10.05"]
[Round "3.7"]
[White "Vasilevich, Irina"]
[Black "Tomashevskaya, Lidia"]
[Result "1-0"]
[BlackElo "2107"]
[WhiteElo "2226"]
[LiveChessVersion "1.4.8"]

1. c4 {[%clk 0:15:17]} e5 {[%clk 0:15:18]} 2. Nc3 {[%clk 0:15:25]} Nf6
{[%clk 0:15:26]} 3. g3 {[%clk 0:15:34]} d5 {[%clk 0:15:32]} 4. cxd5
{[%clk 0:15:42]} Nxd5 {[%clk 0:15:40]} 5. Bg2 {[%clk 0:15:50]} Nb6
{[%clk 0:15:41]} 6. e3 {[%clk 0:15:57]} Nc6 {[%clk 0:15:48]} 7. Nge2
{[%clk 0:16:04]} Be7 {[%clk 0:15:25]} 8. f4 {[%clk 0:16:06]} exf4
{[%clk 0:13:20]} 9. Nxf4 {[%clk 0:16:12]} O-O {[%clk 0:12:37]} 10. O-O
{[%clk 0:16:14]} Ne5 {[%clk 0:10:58]} 11. d4 {[%clk 0:15:50]} Ng6
{[%clk 0:10:39]} 12. Nfd5 {[%clk 0:12:11]} Nxd5 {[%clk 0:09:36]} 13. Nxd5
{[%clk 0:12:18]} Bg5 {[%clk 0:05:23]} 14. Bd2 {[%clk 0:07:35]} c6
{[%clk 0:05:13]} 15. Nc3 {[%clk 0:07:21]} f5 {[%clk 0:04:02]} 16. Qb3+
{[%clk 0:05:19]} Kh8 {[%clk 0:04:09]} 17. h4 {[%clk 0:04:18]} Bh6
{[%clk 0:03:43]} 18. Rae1 {[%clk 0:03:38]} Ne5 {[%clk 0:02:25]} 19. dxe5
{[%clk 0:01:44]} Qxd2 {[%clk 0:02:33]} 20. Ne4 {[%clk 0:01:51]} Qa5
{[%clk 0:01:56]} 21. Nd6 {[%clk 0:00:55]} Qc7 {[%clk 0:00:33]} 22. g4
{[%clk 0:00:25]} g6 {[%clk 0:00:33]} 23. gxf5 {[%clk 0:00:23]} Bxf5
{[%clk 0:00:35]} 24. Qxb7 {[%clk 0:00:21]} Qxb7 {[%clk 0:00:43]} 25. Nxb7
{[%clk 0:00:29]} Rae8 {[%clk 0:00:37]} 26. Bxc6 {[%clk 0:00:25]} Rxe5
{[%clk 0:00:46]} 27. e4 {[%clk 0:00:32]} Be6 {[%clk 0:00:37]} 28. Rxf8+
{[%clk 0:00:34]} Bxf8 {[%clk 0:00:46]} 29. b3 {[%clk 0:00:33]} Be7
{[%clk 0:00:53]} 30. Rd1 {[%clk 0:00:27]} Bxh4 {[%clk 0:01:00]} 31. Nd6
{[%clk 0:00:21]} Rg5+ {[%clk 0:00:47]} 32. Kh1 {[%clk 0:00:15]} Kg7
{[%clk 0:00:31]} 33. Ne8+ {[%clk 0:00:18]} Kh6 {[%clk 0:00:32]} 34. Bd7
{[%clk 0:00:25]} Bxd7 {[%clk 0:00:21]} 35. Rxd7 {[%clk 0:00:33]} Bf2
{[%clk 0:00:30]} 36. Nf6 {[%clk 0:00:30]} Rg1+ {[%clk 0:00:27]} 37. Kh2
{[%clk 0:00:39]} Re1 {[%clk 0:00:26]} 38. Ng4+ {[%clk 0:00:43]} 1-0

[Event "Russian Championship (Rapid, Women)"]
[Site "Sochi"]
[Date "2018.10.05"]
[Round "3.8"]
[White "Drozdova, Dina"]
[Black "Markelova, Lubov"]
[Result "1-0"]
[BlackElo "2049"]
[WhiteElo "2206"]
[LiveChessVersion "1.4.8"]

1. d4 {[%clk 0:15:17]} d5 {[%clk 0:15:19]} 2. c4 {[%clk 0:15:26]} c6
{[%clk 0:15:29]} 3. cxd5 {[%clk 0:15:31]} cxd5 {[%clk 0:15:37]} 4. Nf3
{[%clk 0:15:39]} Nc6 {[%clk 0:15:45]} 5. Nc3 {[%clk 0:15:48]} Nf6
{[%clk 0:15:54]} 6. Bf4 {[%clk 0:15:54]} Bf5 {[%clk 0:15:55]} 7. e3
{[%clk 0:15:51]} e6 {[%clk 0:15:49]} 8. Ne5 {[%clk 0:12:46]} Nxe5
{[%clk 0:14:19]} 9. Bxe5 {[%clk 0:12:36]} Nd7 {[%clk 0:13:01]} 10. Qb3
{[%clk 0:11:36]} f6 {[%clk 0:08:52]} 11. Bg3 {[%clk 0:11:25]} Qb6
{[%clk 0:08:25]} 12. Bb5 {[%clk 0:10:57]} Bd6 {[%clk 0:05:51]} 13. Qa4
{[%clk 0:03:53]} Rd8 {[%clk 0:04:40]} 14. Bxd6 {[%clk 0:03:55]} Qxd6
{[%clk 0:04:49]} 15. Qxa7 {[%clk 0:03:57]} b6 {[%clk 0:02:42]} 16. Qa4
{[%clk 0:02:56]} O-O {[%clk 0:02:37]} 17. O-O {[%clk 0:02:44]} Ra8
{[%clk 0:02:26]} 18. Qb3 {[%clk 0:02:38]} Rfc8 {[%clk 0:01:11]} 19. Rfc1
{[%clk 0:02:41]} Nf8 {[%clk 0:00:45]} 20. a3 {[%clk 0:01:42]} Rc7
{[%clk 0:00:44]} 21. Ne2 {[%clk 0:01:37]} Rac8 {[%clk 0:00:39]} 22. Rxc7
{[%clk 0:01:43]} Rxc7 {[%clk 0:00:38]} 23. Rc1 {[%clk 0:01:34]} Rxc1+
{[%clk 0:00:43]} 24. Nxc1 {[%clk 0:01:43]} e5 {[%clk 0:00:43]} 25. Ne2
{[%clk 0:01:47]} Ne6 {[%clk 0:00:44]} 26. Qc3 {[%clk 0:01:47]} Nc7
{[%clk 0:00:17]} 27. Ba4 {[%clk 0:01:21]} Kf7 {[%clk 0:00:14]} 28. Qc6
{[%clk 0:01:04]} Qxc6 {[%clk 0:00:18]} 29. Bxc6 {[%clk 0:01:13]} Ke6
{[%clk 0:00:23]} 30. f3 {[%clk 0:01:00]} Kd6 {[%clk 0:00:32]} 31. Ba4
{[%clk 0:01:09]} Ne6 {[%clk 0:00:37]} 32. Bb5 {[%clk 0:01:07]} Nc7
{[%clk 0:00:40]} 33. a4 {[%clk 0:00:29]} Ne6 {[%clk 0:00:15]} 34. Kf2
{[%clk 0:00:35]} Bc2 {[%clk 0:00:16]} 35. Ke1 {[%clk 0:00:35]} Bb3
{[%clk 0:00:21]} 36. Kd2 {[%clk 0:00:40]} Bc4 {[%clk 0:00:20]} 37. Bxc4
{[%clk 0:00:38]} dxc4 {[%clk 0:00:29]} 38. Kc3 {[%clk 0:00:47]} exd4+
{[%clk 0:00:26]} 39. Nxd4 {[%clk 0:00:55]} Nc5 {[%clk 0:00:27]} 40. Kxc4
{[%clk 0:00:25]} Nxa4 {[%clk 0:00:36]} 41. b3 {[%clk 0:00:30]} Nb2+
{[%clk 0:00:37]} 42. Kb5 {[%clk 0:00:34]} Nd1 {[%clk 0:00:38]} 43. Nf5+
{[%clk 0:00:20]} Kc7 {[%clk 0:00:46]} 44. e4 {[%clk 0:00:16]} g6 {[%clk 0:00:55]}
45. Nd4 {[%clk 0:00:22]} Ne3 {[%clk 0:00:50]} 46. g4 {[%clk 0:00:29]} Ng2
{[%clk 0:00:16]} 47. Ne6+ {[%clk 0:00:28]} Kb7 {[%clk 0:00:14]} 48. Nf8
{[%clk 0:00:27]} h5 {[%clk 0:00:16]} 49. Nxg6 {[%clk 0:00:33]} hxg4
{[%clk 0:00:25]} 50. fxg4 {[%clk 0:00:42]} Ne3 {[%clk 0:00:32]} 51. h3
{[%clk 0:00:48]} Nd1 {[%clk 0:00:31]} 52. e5 {[%clk 0:00:51]} fxe5
{[%clk 0:00:37]} 53. Nxe5 {[%clk 0:01:00]} Nf2 {[%clk 0:00:44]} 54. h4
{[%clk 0:01:06]} 1-0

[Event "Russian Championship (Rapid, Women)"]
[Site "Sochi"]
[Date "2018.10.05"]
[Round "3.9"]
[White "Belenkaya, Dina"]
[Black "Garifullina, Leya"]
[Result "0-1"]
[BlackElo "2030"]
[WhiteElo "2204"]
[LiveChessVersion "1.4.8"]

1. e4 {[%clk 0:15:18]} e5 {[%clk 0:15:16]} 2. Nf3 {[%clk 0:15:26]} Nc6
{[%clk 0:15:21]} 3. Nc3 {[%clk 0:15:33]} Nf6 {[%clk 0:15:27]} 4. d4
{[%clk 0:15:37]} exd4 {[%clk 0:15:35]} 5. Nxd4 {[%clk 0:15:45]} Bb4
{[%clk 0:15:44]} 6. Nxc6 {[%clk 0:15:53]} bxc6 {[%clk 0:15:52]} 7. Bd3
{[%clk 0:16:01]} d5 {[%clk 0:15:52]} 8. exd5 {[%clk 0:16:09]} cxd5
{[%clk 0:16:00]} 9. O-O {[%clk 0:16:17]} O-O {[%clk 0:16:08]} 10. Bg5
{[%clk 0:16:21]} c6 {[%clk 0:16:09]} 11. Qf3 {[%clk 0:16:17]} Bd6
{[%clk 0:15:49]} 12. h3 {[%clk 0:14:36]} Rb8 {[%clk 0:15:58]} 13. b3
{[%clk 0:11:55]} Be5 {[%clk 0:15:53]} 14. Bf4 {[%clk 0:11:52]} Bxf4
{[%clk 0:15:42]} 15. Qxf4 {[%clk 0:12:00]} Be6 {[%clk 0:15:48]} 16. Na4
{[%clk 0:11:48]} Nh5 {[%clk 0:15:04]} 17. Qd4 {[%clk 0:11:03]} Qg5
{[%clk 0:15:06]} 18. f4 {[%clk 0:10:51]} Qh4 {[%clk 0:14:27]} 19. Rf3
{[%clk 0:10:20]} a5 {[%clk 0:14:06]} 20. c3 {[%clk 0:10:16]} Bd7 {[%clk 0:12:22]}
21. Nc5 {[%clk 0:10:14]} Qe7 {[%clk 0:12:00]} 22. a4 {[%clk 0:05:00]} Rfe8
{[%clk 0:11:30]} 23. b4 {[%clk 0:04:38]} Nf6 {[%clk 0:11:13]} 24. b5
{[%clk 0:04:02]} Rec8 {[%clk 0:10:33]} 25. Rb1 {[%clk 0:03:21]} Be8
{[%clk 0:10:10]} 26. b6 {[%clk 0:03:26]} Nd7 {[%clk 0:10:03]} 27. Nxd7
{[%clk 0:01:05]} Bxd7 {[%clk 0:10:01]} 28. b7 {[%clk 0:00:50]} Re8
{[%clk 0:09:54]} 29. Qa7 {[%clk 0:00:55]} Qd8 {[%clk 0:09:27]} 30. Rf2
{[%clk 0:00:43]} Qc7 {[%clk 0:09:22]} 31. f5 {[%clk 0:00:31]} c5 {[%clk 0:09:25]}
32. Rfb2 {[%clk 0:00:36]} Re3 {[%clk 0:09:03]} 33. Bb5 {[%clk 0:00:25]} Bxf5
{[%clk 0:09:02]} 34. Rf1 {[%clk 0:00:31]} Rxb7 {[%clk 0:08:57]} 35. Qa8+
{[%clk 0:00:41]} Rb8 {[%clk 0:09:04]} 36. Qxd5 {[%clk 0:00:49]} Be6
{[%clk 0:09:09]} 37. Qd2 {[%clk 0:00:56]} Qe5 {[%clk 0:09:16]} 38. c4
{[%clk 0:01:04]} Bxc4 {[%clk 0:09:16]} 39. Rd1 {[%clk 0:01:01]} Bxb5
{[%clk 0:09:14]} 40. Rxb5 {[%clk 0:01:09]} Re8 {[%clk 0:09:14]} 41. Rxa5
{[%clk 0:01:15]} Re2 {[%clk 0:09:23]} 42. Qd5 {[%clk 0:01:19]} Qe3+
{[%clk 0:09:27]} 43. Kh2 {[%clk 0:01:24]} Qf4+ {[%clk 0:09:08]} 44. Kg1
{[%clk 0:01:30]} Re1+ {[%clk 0:09:16]} 0-1